Unraveling DNA : (Record no. 3823)

000 -LEADER
fixed length control field 01202cam a2200313 a 4500
001 - CONTROL NUMBER
control field 2597280
003 - CONTROL NUMBER IDENTIFIER
control field OSt
005 - DATE AND TIME OF LATEST TRANSACTION
control field 20220218063626.0
008 - FIXED-LENGTH DATA ELEMENTS--GENERAL INFORMATION
fixed length control field 970422s1997 maua 001 0 eng
010 ## - LIBRARY OF CONGRESS CONTROL NUMBER
LC control number 97015391
020 ## - INTERNATIONAL STANDARD BOOK NUMBER
International Standard Book Number 0201155842
040 ## - CATALOGING SOURCE
Original cataloging agency DLC
Transcribing agency ALUPE UNIVERSITY
Modifying agency DLC
041 1# - LANGUAGE CODE
Language code of text/sound track or separate title eng
Language code of original rus
050 00 - LIBRARY OF CONGRESS CALL NUMBER
Classification number QP624
Item number .F6913 1997
082 00 - DEWEY DECIMAL CLASSIFICATION NUMBER
Classification number 572.8/6
Edition number 21
100 1# - MAIN ENTRY--PERSONAL NAME
Personal name Frank-Kamenet︠s︡kiĭ, M. D.
240 10 - UNIFORM TITLE
Uniform title Samai︠a︡ glavnai︠a︡ molekula.
Language of a work English
245 10 - TITLE STATEMENT
Title Unraveling DNA :
Remainder of title the most important molecule of life /
Statement of responsibility, etc. Maxim D. Frank-Kamenetskii ; translated by Lev Liapin.
250 ## - EDITION STATEMENT
Edition statement Rev. and updated, updated pbk. ed.
260 ## - PUBLICATION, DISTRIBUTION, ETC.
Place of publication, distribution, etc. Reading, Mass. :
Name of publisher, distributor, etc. Addison-Wesley,
Date of publication, distribution, etc. c1997.
300 ## - PHYSICAL DESCRIPTION
Extent x, 214 p. :
Other physical details ill. ;
Dimensions 24 cm.
500 ## - GENERAL NOTE
General note Includes index.
650 #0 - SUBJECT ADDED ENTRY--TOPICAL TERM
Topical term or geographic name entry element DNA.
856 42 - ELECTRONIC LOCATION AND ACCESS
Materials specified Contributor biographical information
Uniform Resource Identifier <a href="http://www.loc.gov/catdir/enhancements/fy0832/97015391-b.html">http://www.loc.gov/catdir/enhancements/fy0832/97015391-b.html</a>
856 42 - ELECTRONIC LOCATION AND ACCESS
Materials specified Publisher description
Uniform Resource Identifier <a href="http://www.loc.gov/catdir/enhancements/fy0832/97015391-d.html">http://www.loc.gov/catdir/enhancements/fy0832/97015391-d.html</a>
906 ## - LOCAL DATA ELEMENT F, LDF (RLIN)
a 7
b cbc
c orignew
d 1
e ocip
f 19
g y-gencatlg
942 ## - ADDED ENTRY ELEMENTS (KOHA)
Source of classification or shelving scheme
Koha item type Book
Suppress in OPAC BA
Holdings
Withdrawn status Lost status Source of classification or shelving scheme Damaged status Not for loan Permanent Location Current Location Shelving location Date acquired Source of acquisition Total Checkouts Full call number Barcode Date last seen Price effective from Koha item type Public note
          AU LIBRARY AU LIBRARY Open Shelf 18.02.2022 DONATION FROM MOI UNIVERSITY   QP624 .F691 1997 28005060 18.02.2022 18.02.2022 Book BA

Powered by Koha